Library Banner

Wheater's functional histology : (Record no. 124695)

MARC details
000 -LEADER
fixed length control field 00717cam a2200241 i 4500
001 - CONTROL NUMBER
control field 17889699
005 - DATE AND TIME OF LATEST TRANSACTION
control field 20211116093340.0
008 - FIXED-LENGTH DATA ELEMENTS--GENERAL INFORMATION
fixed length control field 130911t20142014paua 001 0 eng
020 ## - INTERNATIONAL STANDARD BOOK NUMBER
International Standard Book Number 9788131235225
040 ## - CATALOGING SOURCE
Transcribing agency PK-LaUMT
082 00 - DEWEY DECIMAL CLASSIFICATION NUMBER
Classification number 611.018
Edition number 23
Item number YOU-W
100 1# - MAIN ENTRY--PERSONAL NAME
Personal name Young, Barbara
245 10 - TITLE STATEMENT
Title Wheater's functional histology :
Remainder of title a text and colour atlas /
Statement of responsibility, etc by Barbara Young, Geraldine O'Dowd and Phillip Woodford
250 ## - EDITION STATEMENT
Edition statement 6th ed.
260 ## - PUBLICATION, DISTRIBUTION, ETC. (IMPRINT)
Place of publication, distribution, etc Philadelphia :
Name of publisher, distributor, etc Elsevier,
Date of publication, distribution, etc 2014
300 ## - PHYSICAL DESCRIPTION
Extent x, 452 p. :
Other physical details color illustrations ;
Dimensions 30 cm
500 ## - GENERAL NOTE
General note Includes index.
650 #0 - SUBJECT ADDED ENTRY--TOPICAL TERM
Topical term or geographic name as entry element Histology
650 12 - SUBJECT ADDED ENTRY--TOPICAL TERM
Topical term or geographic name as entry element Histology
700 1# - ADDED ENTRY--PERSONAL NAME
Personal name O'Dowd, Geraldine,
700 1# - ADDED ENTRY--PERSONAL NAME
Personal name Woodford, Phillip,
942 ## - ADDED ENTRY ELEMENTS (KOHA)
Koha item type Books
Holdings
Withdrawn status Lost status Damaged status Home library Current library Date acquired Full call number Barcode Date last seen Price effective from Koha item type Copy number
      UMT Health Sciences Campus UMT Health Sciences Campus 2021-11-16 611.018 YOU-W 139323 2021-11-16 2021-11-16 Books  
      UMT Health Sciences Campus UMT Health Sciences Campus 2022-12-31 611.018 YOU-W 144281 2022-12-31 2022-12-31 Books C.2
      UMT Health Sciences Campus UMT Health Sciences Campus 2022-12-31 611.018 YOU-W 144282 2022-12-31 2022-12-31 Books C.3
      UMT Health Sciences Campus UMT Health Sciences Campus 2022-12-31 611.018 YOU-W 144283 2022-12-31 2022-12-31 Books C.4
      UMT Health Sciences Campus UMT Health Sciences Campus 2023-05-25 611.018 YOU-W 144928 2023-05-25 2023-05-25 Books C.5
      UMT Health Sciences Campus UMT Health Sciences Campus 2023-05-25 611.018 YOU-W 144929 2023-05-25 2023-05-25 Books C.6
      UMT Health Sciences Campus UMT Health Sciences Campus 2023-05-25 611.018 YOU-W 144930 2023-05-25 2023-05-25 Books C.7
      UMT Health Sciences Campus UMT Health Sciences Campus 2023-05-25 611.018 YOU-W 144931 2023-05-25 2023-05-25 Books C.8
      UMT Health Sciences Campus UMT Health Sciences Campus 2023-05-25 611.018 YOU-W 144932 2023-05-25 2023-05-25 Books C.9
      UMT Health Sciences Campus UMT Health Sciences Campus 2023-05-25 611.018 YOU-W 144933 2023-05-25 2023-05-25 Books C.10